000 00686nam a2200253Ia 4500
003 OSt
005 20220925212616.0
006 a|||||r|||| 00| 0
007 ta
008 220923b |||||||| |||| 00| 0 eng d
020 _a0043301606
037 _cGeneral Book
040 _aRTL
_cRTL
_beng
041 _2eng
_aeng
082 _aX:7, L0
100 _aShackle G l S
_9122039
245 0 _aExpectation enterprise and profit
_b the theory of t
260 _aLondon
_bAllen and Unwin U K
_c1970
300 _a160p.
_ccm.
490 _a(Studies in economics)
650 _aEconomics
942 _hX:7, L0
_cGB
_2CC
999 _c560789
_d560789